|
|
|
|
| LEADER |
00000nam a22000007a 4500 |
| 005 |
20190813233146.0 |
| 007 |
cr|||| |||| |
| 008 |
190813s2018 ve |||||s|||| 00||0 spa d |
| 020 |
|
|
|a 978-980-7561-05-1
|
| 035 |
|
|
|a 24027
|
| 040 |
|
|
|a vLex
|
| 090 |
|
|
|c 9181
|d 9181
|
| 100 |
1 |
|
|a Varela Cc̀eres, Edison Lucio
|
| 245 |
1 |
0 |
|a Derecho Procesal y otros ensayos
|h [Recurso electrn̤ico] /
|c Edison Lucio Varela Cc̀eres, Cšar Augusto Carballo Mena, Ramn̤ Escovar Len̤
|
| 256 |
|
|
|a Servicio en ln̕ea
|
| 260 |
|
|
|a Caracas:
|b Revista Venezolana de Legislacin̤ y Jurisprudencia,
|c 2018
|
| 300 |
|
|
|a 1 recurso electrn̤ico
|
| 506 |
1 |
|
|a Disponible solo en los productos indicados
|d vLex Global
|d vLex Global (Academic Edition, excluding Law Schools)
|d vLex Global (U.S. Academic Edition, Law Schools)
|d vLex Global (U.S. Academic Edition, excluding Law Schools)
|d vLex Global (Academic Edition, Law Schools)
|
| 650 |
0 |
4 |
|a Derecho Procesal
|z Venezuela
|
| 700 |
1 |
|
|a Carballo Mena, Cšar Augusto
|
| 700 |
1 |
|
|a Escovar Len̤, Ramn̤
|
| 740 |
0 |
|
|a vLex Libros (Servicio en ln̕ea)
|
| 856 |
4 |
0 |
|u http://vlex.com/source/derecho-procesal-ensayos-24027
|z Acceso restringido
|
| 942 |
|
|
|c BOOK
|
| 999 |
0 |
|
|a Procedural law
|